000 00332 a2200133 4500
000 nam a22 7a 4500
100 _aMishra, P K
110 _aMishra, P K
245 _aAspects of Indian History and Historiography
250 _aLatest edition
260 _bKaveri Books
_c2024
264 _bKaveri Books
_c2024
942 _cBK
999 _c394974
_d394974